00459nam a2200169Ia 4500003000400000008004100004020001500045040001600060082001700076100001800093245005000111260004800161300002100209650001500230650002000245650002400265GCL140319s9999 xx 000 0 eng d a0192781421 aGCL / cGCL04aCHb813bP O1 aPEPPER, DAVID10aTHE OXFORD FUNNY STORY BOOK / cPEPPER, DAVID a[S.N] : bOXFORD UNIVERSITY PRESS ، c1996 a25 CM ؛ c159 P04aLITERATURE04aENGLISH STORIES04aAMERICAN LITERATURE